Seminar Perancangan, Pembangunan Dan Pengurusan Tenaga Manusia Dalam perkhidmatan Awam (17-18 Disember, 1988:Cameron Highlands)

Bibliographic Details
Format: Book

MARC

LEADER 00000cam a2200000 7i4500
001 0000006512
005 20000208.0
040 |a INS 
090 0 0 |a S105 
245 0 0 |a Seminar Perancangan, Pembangunan Dan Pengurusan Tenaga Manusia Dalam perkhidmatan Awam (17-18 Disember, 1988:Cameron Highlands) 
999 |a S000000195   |b BOOK   |c Seminar   |e Default branch